000 00606cam a22002291 4500
001 sa 67007172
003 DLC
005 20260227112413.0
008 881102s1965 xx 000 0 urdo
010 _asa 67007172
035 _a(OCoLC)23540930
040 _aDLC
_cMiU
_dDLC
042 _apremarc
050 0 0 _aPK1979
_b.A48
110 2 _aĀftāb Ḥasan.
245 1 0 _aUrdū zarīʻah-yi taʻlīm aur iṣt̤ilāḥāt.
260 _c[1965]
300 _a72, [1] p.
_billus.
_c22 cm.
500 _aRomanized.
650 0 _aUrdu language
_xTranslating.
650 0 _aUrdu language
_xTechnical Urdu.
999 _c76412
_d76412